000 00439nam a2200157 i 4500
001 43374
003 ES-MaACL
005 20230906160759.0
007 t|
008 030317s1963 sp ||||1| spa d
100 1 _aCastro Fariñas, José Angel.
_936921
245 1 3 _aEl librero y su mundo /
_cJosé Angel Castro Fariñas.
260 _aMadrid :
_bParaninfo,
_c1963.
300 _a165 p. ;
_c24 cm.
852 _aES-MaACL
_jC-22908
_bR.51665
999 _c43374
_d43374